000 00267nam a22001217a 4500
008 170530b xxu||||| |||| 00| 0 eng d
041 _aeng
080 _a94
100 _a17
101 _aSHH
245 _aTHE LAST DAYS OF HITLER
_cROPER.H.R.T
942 _2udc
_cBK
999 _c15093
_d15093